=LDR 00000nam 2200000 4500 =001 INLIS000000000055099 =005 20200312104559 =035 ##$$a 0010-0320000206 =007 ta =008 200312###########################0#ind## =020 ##$$a 978-602-7960-93-0 =082 ##$$a 611 =084 ##$$a 611 Rus a =245 1#$$a Anatomi dan Fisiologi tubuh manusia untuk paramedis /$c Dr.Rusbandi Sarpini =250 ##$$a cet 5 =300 ##$$a viii, 206 halaman : $b Ilustrasi ; $c 23 cm =650 #4$$a Anatomi manusia =504 ##$$a Bibliografi : halaman 205 -206 =264 ##$$a Bogor :$b In - Media,$c 2017 =336 ##$$a Teks$2 rdacontent =337 ##$$a lain-lain$2 rdamedia =338 ##$$a lain-lain$2 rdacarrier =990 ##$$a 19341934 =990 ##$$a 19341934